| 000 | 01326nam a2200265 i 4500 | ||
|---|---|---|---|
| 001 | 167054 | ||
| 003 | ES-MaACL | ||
| 005 | 20250603183443.0 | ||
| 008 | 990120s1847 sp l |||| | spa d | ||
| 080 | _a351.821(460) | ||
| 080 | _a347.743(460) | ||
| 100 | 1 |
_aVázquez Queipo, Vicente, _d1804-1893 _9113475 |
|
| 245 | 1 | 0 |
_aProyecto de ley sobre la uniformidad y reforma del sistema métrico y monetario de España : _bredactado en virtud de Real Orden de 22 de abril de 1838, y precedido de algunas reflexiones acerca de la actual crisis monetaria / _cpor Don Vicente Vázquez Queipo. |
| 260 |
_aMadrid : _b[s.n.], _c1847 ( _fImp. de J. Martín Alegría) |
||
| 300 |
_a95 p. ; _c21 cm. |
||
| 530 | _aDisponible en formato digital. | ||
| 650 | 4 |
_aPesos y medidas- _zEspaña- _yS.XIX. _915986 |
|
| 650 | 4 |
_aMoneda- _zEspaña- _yS.XIX. _9166453 |
|
| 651 | 4 |
_aEspaña- _xPolítica monetaria- _yS.XIX _98438 |
|
| 700 | 1 |
_aVázquez Queipo, Vicente, _d1804-1893 _9113475 |
|
| 852 | 4 |
_aES-MaACL _jT-140-F-2 _z- Enc. hol. _z- Enc. en un vol. facticio _z- Dedicatoria ms. del autor a Manuel García Gallardo |
|
| 852 | 4 |
_aES-MaACL _jT-33-F-3 _z- Enc. hol. _z- Enc. en un vol. facticio |
|
| 856 | 4 |
_uhttp://bdh-rd.bne.es/viewer.vm?id=0000040603&page=1 _zBiblioteca Digital Hispánica |
|
| 999 |
_c167054 _d167054 |
||